Statistics for Cavs 2013-14 Roster

Click here to take the quiz!

General Stats

  • This quiz has been taken 4 times
  • The average score is 2 of 21

Answer Stats

HintAnswer% Correct
2Kyrie Irving
100%
13Tristan Thompson
100%
15Anthony Bennett
25%
33Alonzo Gee
0%
17Anderson Varejao
0%
21Andrew Bynum
0%
50Arinez Onuaku
0%
30Carrick Felix
0%
0C.J. Miles
0%
2Dion Waiters
0%
6Earl Clark
0%
14Henry Sims
0%
1Jarrett Jack
0%
9Luol Deng
0%
8+9Matthew Dellavedova
0%
24Scotty Hopson
0%
10Sergey Karasev
0%
31Seth Curry
0%
24Shane Edwards
0%
32Spencer Hawes
0%
40Tyler Zeller
0%

Score Distribution

Percentile by Number Answered

Percent of People with Each Score

Your Score History

You have not taken this quiz